=LDR 00000nam 2200000 4500 =001 INLIS000000000011405 =005 20130612102954 =008 ***********************************Ind** =035 ##$$0010-061300000011405 =041 ##$$a Ind =082 ##$$a 959.8 =090 ##$$a 959.8, Lci m =100 ##$$a Lcirissa, R.Z =245 ##$$a Minahasa di awal perang kemerdekaan indonesia, peristiwa merah putih dan sebab- musabab nya, R.Z.Lcirissa =260 ##$$a 1977 $b Jakarta =300 ##$$a xii, 190 hlm., 21 cm =650 ##$$a Sejarah =850 ##$$a NBPNMAT =990 ##$$a 0001/BPAP-NTB/2015